Logo BPK

Biblioteka

Politechniki Koszalińskiej

Sieci komputerowe : (Rekord nr 38059)

Szczegóły MARC
000 -ETYKIETA REKORDU
podpole kontrolne o stałej długości 00762nam a2200253 i 4500
001 - NUMER KONTROLNY REKORDU
pole kontrolne bg
020 ## - MIĘDZYNARODOWY ZNORMALIZOWANY NUMER KSIĄŻKI - ISBN
ISBN 8385911804
040 ## - ŹRÓDŁO KATALOGOWANIA
Instytucja, która utworzyła rekord BPK
041 0# - KOD JĘZYKA
Kod języka tekstu pl
080 ## - UNIWERSALNA KLASYFIKACJA DZIESIĘTNA - UKD
UKD 004.7(075.8)
920 ## - Międzynarodowy znormalizowany numer książki – ISBN
ISBN 83-85911-80-4
008 - POLE O STAŁEJ DŁUGOŚCI - DANE KONTROLNE
podpole kontrolne o stałej długości s pl f |000 0 pol
100 1# - NAZWA OSOBOWA
Nazwa osobowa KOŚCIELNY, Czesław
245 10 - TYTUŁ/ODPOWIEDZIALNOŚĆ
Tytuł Sieci komputerowe :
Ciąg dalszy tytułu skrypt /
Pozostałe elementy strefy tytułu i oznaczenia odpowiedzialności Czesław Kościelny, Tomasz Hebisz, Marek Jackiewicz.
260 ## - STREFA ADRESU WYDAWNICZEGO
Miejsce wydania Zielona Góra :
Nazwa wydawcy/dystrybutora Politechnika Zielonogórska. Wydaw. Naukowe,
Data publikacji, dystrybucji/powstania dokumentu 1999.
300 ## - STREFA OPISU FIZYCZNEGO
Objętość 167 s. :
Inne cechy fizyczne rys., wykr. ;
Rozmiary 24 cm.
504 ## - UWAGA DOTYCZĄCA BIBLIOGRAFII
Informacje o bibliografii Bibliogr. s. 167.
521 ## - UWAGA DOTYCZĄCA PRZEZNACZENIA CZYTELNICZEGO
Przeznaczenie czytelnicze Dla studentów Wydz. Informatyki.
650 #9 - HASŁO PRZEDMIOTOWE W FORMIE NAZWY OGÓLNEJ LUB JEDNOSTKOWEJ
Nazwa ogólna lub geograficzna Sieć komputerowa
655 ## - TERMIN INDEKSOWY - OKREŚLENIE RODZAJU/FORMY DOKUMENTU
Określenie rodzaju/formy dokumentu Podręczniki akademickie
700 1# - HASŁO DODATKOWE - NAZWA OSOBOWA
Nazwa osobowa HEBISZ, Tomasz
700 1# - HASŁO DODATKOWE - NAZWA OSOBOWA
Nazwa osobowa JACKIEWICZ, Marek
856 ## - LOKALIZACJA I DOSTĘP DO ELEKTRONICZNYCH DOKUMENTÓW ZDALNYCH
Link (URL) http://koha.tu.koszalin.pl/cgi-bin/koha/opac-detail.pl?biblionumber=38059
Tekst linku Katalog online BPK
942 ## - DODATKOWE ELEMENTY (KOHA)
Typ dokumentu Książka
Egzemplarze
Wycofany Status egzemplarza Uszkodzony Dostępność Lokalizacja stała Lokalizacja bieżąca Miejsce przechowywania Sygnatura Kod kreskowy Typ dokumentu
      Dostępny Biblioteka Politechniki Koszalińskiej Biblioteka Politechniki Koszalińskiej Wypożyczalnia BG 54585 01505153 Książka
© 2023 Biblioteka Politechniki Koszalińskiej :: KOHA